Normal view
MARC view
- DICTIONARY-ENGLISH TO ENGLISH AND URDU.GENERAL KNOWLEDGE
Entry Topical Term
001 - CONTROL NUMBER
- control field: 65617
003 - CONTROL NUMBER IDENTIFIER
- control field: NUST
005 - DATE AND TIME OF LATEST TRANSACTION
- control field: 20210628203449.0
008 - FIXED-LENGTH DATA ELEMENTS
- fixed length control field: 210628|| aca||aabn | a|a d
040 ## - CATALOGING SOURCE
- Original cataloging agency: NUST
- Transcribing agency: NUST
150 ## - HEADING--TOPICAL TERM
- Topical term or geographic name entry element: DICTIONARY-ENGLISH TO ENGLISH AND URDU.GENERAL KNOWLEDGE
670 ## - SOURCE DATA FOUND
- Source citation: Work cat.: (NUST): S.A Bhatti, M.S Bhatti 65616, Gem advanced practicle dictionary english to english and urdu, with general knowledge, 2002
